00394nam a22001217a 4500008004100000041000700041082001300048110000900061245012100070260005500191300001000246440001600256230605b xxu||||| |||| 00| 0 eng d hde a327bINT d2010 aInternationale Politik und GesellschaftbInternational Politics and SocietycInternationale Politik und Gesellschaft aGermanybVerlag J.H.W. Dietz Nachfolger GmbHc2010 a186 p x09452419v3